Welcome to CU Library Online Public Access Catalogue (OPAC)

Engineering mechanics : (Record no. 8445)

MARC details
000 -LEADER
fixed length control field 00697pam a2200241 a 4500
001 - CONTROL NUMBER
control field 2141885
005 - DATE AND TIME OF LATEST TRANSACTION
control field 20251129144856.0
008 - FIXED-LENGTH DATA ELEMENTS--GENERAL INFORMATION
fixed length control field 980402s1999 caua 001 0 eng
020 ## - INTERNATIONAL STANDARD BOOK NUMBER
International Standard Book Number 0201180707
020 ## - INTERNATIONAL STANDARD BOOK NUMBER
International Standard Book Number 9780201180701
050 00 - LIBRARY OF CONGRESS CALL NUMBER
Classification number TA351
Item number .B43 1998
082 00 - DEWEY DECIMAL CLASSIFICATION NUMBER
Classification number 620.1/03
Edition information 21
100 1# - MAIN ENTRY--PERSONAL NAME
Personal name Bedford, A.
245 10 - TITLE STATEMENT
Title Engineering mechanics :
Remainder of title statics /
Statement of responsibility, etc. Anthony Bedford, Wallace L. Fowler.
250 ## - EDITION STATEMENT
Edition statement 2nd ed.
260 ## - PUBLICATION, DISTRIBUTION, ETC.
Place of publication, distribution, etc. Menlo Park, Calif. :
Name of publisher, distributor, etc. Addison-Wesley,
Date of publication, distribution, etc. c1999.
300 ## - PHYSICAL DESCRIPTION
Extent xx, 600 p. :
Other physical details ill. (some col.) ;
Dimensions 27 cm.
500 ## - GENERAL NOTE
General note Includes index.
650 #0 - SUBJECT ADDED ENTRY--TOPICAL TERM
Topical term or geographic name entry element Statics.
650 #0 - SUBJECT ADDED ENTRY--TOPICAL TERM
Topical term or geographic name entry element Mechanics, Applied.
700 1# - ADDED ENTRY--PERSONAL NAME
Personal name Fowler, Wallace T.
942 ## - ADDED ENTRY ELEMENTS (KOHA)
Source of classification or shelving scheme Library of Congress Classification
Koha item type Books
Edition 2nd ed.
Suppress in OPAC No
999 ## -
-- 8445
-- 8445
Holdings
Withdrawn status Lost status Source of classification or shelving scheme Damaged status Not for loan Collection Home library Current library Shelving location Date acquired Total checkouts Full call number Barcode Date last seen Copy number Price effective from Koha item type
    Library of Congress Classification     Non-fiction Science Library (Miotso) Science Library (Miotso) General stacks 11/29/2025   TA351 .B43 BED SLM00006431 11/29/2025 1 11/29/2025 Books
© 2023-2024 Copyright: Central University Libraries. All Rights Reserved | Created by: Mahone Tech Office